000
00265nam a2200109Ia 4500
008
230302s9999 xx 000 0 und d
082
_a
004.4038AIT
100
_a
Aitken (Iain)
245
_a
Value Driven IT Management
260
_a
N.Y.
_b
ELSEVIER
365
_c
RS
999
_c
151853
_d
151853